2020 NZ general election results - Statistics

General Stats
  • This quiz has been taken 25 times
  • The average score is 4 of 5
Answer Stats
Seat No. Party % Correct
65 Labour
100%
33 National
95%
10 ACT/ ACT New Zealand
79%
10 Green
79%
2 Māori
79%
No matching quizzes found
Score Distribution
Percent of People with Each Score
Percentile by Number Answered
Your Score History
You have not taken this quiz